Statistics for McLaren Cars by Picture

Click here to take the quiz!

General Stats

  • This quiz has been taken 648 times
  • The average score is 5 of 7

Answer Stats

Answer% Correct
P1
93%
Senna
93%
F1
89%
720S
88%
570S
62%
650S
61%
12C
46%

Score Distribution

Percentile by Number Answered

Percent of People with Each Score

Your Score History

You have not taken this quiz